Branca de neve (Record no. 48705)

MARC details
000 -LÍDER
campo de controle de tamanho fixo 00258 a2200121 4500
001 - NÚMERO DE CONTROLE
campo de controle 48705
040 ## - FONTE DA CATALOGAÇÃO
Instituição que transcreveu o registro Anchieta - Bela Vista
240 10 - TÍTULO UNIFORME
Título uniforme Branca de neve
Idioma da obra por
245 10 - TÍTULO
Título Branca de neve
440 #1 - DECLARAÇÃO DE SÉRIE/ENTRADA ADICIONADA--TÍTULO
Título Girassol
650 #4 - ASSUNTO--TERMO TÓPICO
Cabeçalho tópico ou nome geográfico Literatura infantil
942 ## - ELEMENTOS DE ENTRADA ADICIONADOS (KOHA)
Tipo de material Koha Livros
Holdings
Situação do descarte Situação das perdas Situação física Não pode ser emprestado Biblioteca de origem Biblioteca atual Data de aquisição Total de empréstimos Número de chamada completo Código de barras Data de último acesso Data do preço efetivo Tipo de material Koha Fonte da classificação ou esquema de arquivamento na estante Nota pública
        Colégio Anchieta - Bela Vista Colégio Anchieta - Bela Vista 21/11/2023   LI 028.5 B816b BRA 863/BEL 21/11/2023 21/11/2023 Livros    
        Novo Tempo - Aureliano São José Novo Tempo - Aureliano São José 28/06/2024     if199 28/06/2024 28/06/2024 Livros Classificação Decimal de Dewey B